000 00513nam a22001697a 4500
005 20180208124503.0
008 160523b xxu||||| |||| 00| 0 eng d
020 _a9971-51-369-2
041 _aeng
082 _b4450
_a006.312
100 _aBerry, Michael J.A & Linoff, Gordon S.2000
_94124
245 _aMastering Data Mining: the art and science of customer relationship management
260 _aNew Delhi
_bAcademic Faundation
_c2000
300 _a483
650 _aInformation Technology
_9137
942 _cBK
999 _c1481
_d1481